رضا نقوی واہی / (Record no. 170864)

MARC details
000 -LEADER
fixed length control field 00559nam a22001937a 4500
005 - DATE AND TIME OF LATEST TRANSACTION
control field 20191227152601.0
010 ## - LCCN (DPL NO)
LC control number B-123674
020 ## - INTERNATIONAL STANDARD BOOK NUMBER
International Standard Book Number 8126020652
Terms of availability 25.00
035 ## - SYSTEM CONTROL NUMBER
System control number B-123674
037 ## - SOURCE OF ACQUISITION
Source of stock number/acquisition BPPD/Pub.
082 ## - DEWEY DECIMAL CLASSIFICATION NUMBER
Classification number 841.08
100 ## - MAIN ENTRY--PERSONAL NAME
Personal name رضوان احمد
245 ## - TITLE STATEMENT
Title رضا نقوی واہی /
Statement of responsibility, etc رضوان احمد
246 ## - VARYING FORM OF TITLE
Title proper/short title Raza Naqvi Vahi (Urdu mongraph) /
Remainder of title by Rizwan Ahmad
260 ## - PUBLICATION, DISTRIBUTION, ETC. (IMPRINT)
Place of publication, distribution, etc New Delhi
Name of publisher, distributor, etc Sahitya Akademi
Date of publication, distribution, etc 2005 ء
270 ## - ADDRESS
Address -
City -
Postal code -
300 ## - PHYSICAL DESCRIPTION
Extent 81p.
Dimensions 21cm(pbk)
942 ## - ADDED ENTRY ELEMENTS (KOHA)
Source of classification or shelving scheme Dewey Decimal Classification
Item type Urdu Bks
Classification part 841.08
Call number suffix ن ق و
Holdings
Withdrawn status Lost status Not for loan Collection code Home library Current library Date acquired Source of acquisition Cost, normal purchase price Full call number Barcode Copy number Cost, replacement price Koha item type
      Non-fiction Central Library Central Library 27/12/2019 BPPD/Ven. 25.00 841.08 ن ق و B-123674 1 25.00 Urdu Bks

© Delhi Public Library
Hit Counter
free hit counter